Pražské quadrienale-už štvrtý raz

Bibliographic Details
Main Author: Maxa, Miloslav (Author)
Format: Article
Language:Slovak
PhysicalDescription:Obr. 6.
Subjects:

MARC

LEADER 00000nab a2200000 a 4500
001 vtls000062590
003 SK-MaSNL
005 20260303213518.0
008 160202c1980 xo 0 slo
015 |a SNBRB19rr/mm-uuuuu 
035 |a CL0072690 
040 |a SNKBUCL  |b slo  |c SNKBUCL  |e AACR2 
041 0 |a slo 
044 |a xo  |c SK 
080 |a 727  |2 1981 
080 |a 792  |2 1981 
100 1 |a Maxa, Miloslav  |4 aut  |9 894464 
245 1 0 |a Pražské quadrienale-už štvrtý raz  |c Miloslav Maxa 
300 |b Obr. 6. 
650 0 7 |a divadelná architektúra  |2 snkbucl  |9 84570 
650 0 7 |a scénografia  |2 snkbucl  |9 3339 
655 7 |a články z novín a časopisov  |2 snkbucl  |9 267496 
773 0 |t Projekt  |g Roč. 22, č. 4-5 (1980), s. 101 
850 |a Slovenská národná knižnica v Martine  |a MTA001 
852 |a SNK  |b KIS3GCP 
957 |a 3100 
958 |a RK 
958 |a CZ 
992 |a RBX 
999 |c 2212490  |d 2214420